40 gentilés des villes du Rhône de A à Z - Statistiques

Statistiques générales
  • Ce quiz a été pris 6 fois
  • Le résultat moyen est 5 sur 40
Statistiques - réponses
Ville Gentilé % Correct
Lyon lyonnais
100%
Châtillon châtillonnais
60%
Bagnols bagnolais
40%
Ecully ecullois
40%
Lozanne lozannais
40%
Neuville sur saône neuvillois
40%
Tarare tararien
40%
Affoux affousien
20%
Chevinay chevinois
20%
Duerne duernois
20%
Francheville franchevillois
20%
Irigny irignois
20%
Moiré moiréen
20%
Mornant mornantais
20%
Valsonne valsonnais
20%
Yzeron yzeronnais
20%
Ambérieux ambarrois
0%
Avenas avenaudin
0%
Beaujeu beaujolais
0%
Bully bullylois
0%
Villefranche sur saône caladois
0%
Cercié cerciaton
0%
Sainte Colombe colombin
0%
Genay ganathain
0%
Jons jonsois
0%
Lentilly lentillois
0%
Marennes marennois
0%
Oullins oullinois
0%
Pusignan pusignanais
0%
Quincieux quincerot
0%
Rillieux la pape rilliards
0%
Ronno ronnis
0%
Saint appolinaire saint appolinairien
0%
Saint cyr sur le rhône saint cyrien
0%
Sarcey sarceyrois
0%
Savigny savignois
0%
Haute rivoire taravouérien
0%
Ternay ternaysard
0%
Trèves trivien
0%
Vénissieux vénissian
0%
Aucun quiz correspondant
Distribution des résultats
% des personnes avec chaque résultat
Percentile par nombre de réponses
Votre historique - résultats
Vous n’avez pas pris ce quiz